| Tag |
First Indicator |
Second Indicator |
Subfields |
| LEADER |
00000cam a2200000Ia 4500 |
| 001 |
in00003813614 |
| 005 |
20170926113536.0 |
| 008 |
030115s1986 gaua 100 0 eng d |
| 035 |
|
|
|a (OCoLC)ocm51450281
|
| 035 |
|
|
|a (OCoLC)51450281
|
| 040 |
|
|
|a GAT
|b eng
|c GAT
|d OCLCQ
|d OCLCG
|d OCLCA
|d OCLCF
|d OCLCQ
|d OCLCO
|d OCL
|d OCLCA
|d TXA
|d UtOrBLW
|
| 049 |
|
|
|a TXAM
|
| 050 |
|
4 |
|a PN3433.2
|b .W67x 1986
|
| 090 |
|
|
|a PN3433.2
|b W67 1986
|
| 111 |
2 |
|
|a World Science Fiction Convention
|n (44th :
|d 1986 :
|c Atlanta, Ga.)
|
| 245 |
1 |
0 |
|a Confederation :
|b 44th World Science Fiction Convention : August 28-September 1, 1986, Atlanta, Georgia.
|
| 264 |
|
1 |
|a Atlanta, Ga. :
|b Worldcon Atlanta, Inc.,
|c [1986]
|
| 264 |
|
4 |
|c ©1986
|
| 300 |
|
|
|a 148 pages :
|b illustrations (some color) ;
|c 28 cm
|
| 336 |
|
|
|a text
|b txt
|2 rdacontent
|
| 337 |
|
|
|a unmediated
|b n
|2 rdamedia
|
| 338 |
|
|
|a volume
|b nc
|2 rdacarrier
|
| 500 |
|
|
|a "Guest of honor, Ray Bradbury ; fan guest of honor, Terry Carr; toastmaster, Bob Shaw."
|
| 650 |
|
0 |
|a Science fiction
|v Congresses.
|
| 650 |
|
0 |
|a Fantasy literature
|v Congresses.
|
| 650 |
|
0 |
|a Fantasy in mass media
|v Congresses.
|
| 650 |
|
7 |
|a Fantasy in mass media.
|2 fast
|0 (OCoLC)fst00920851
|
| 650 |
|
7 |
|a Fantasy literature.
|2 fast
|0 (OCoLC)fst00920853
|
| 650 |
|
7 |
|a Science fiction.
|2 fast
|0 (OCoLC)fst01108566
|
| 655 |
|
7 |
|a Conference papers and proceedings.
|2 fast
|0 (OCoLC)fst01423772
|
| 700 |
1 |
|
|a Bradbury, Ray,
|d 1920-2012.
|0 http://id.loc.gov/authorities/names/n79139258
|
| 700 |
1 |
|
|a Carr, Terry.
|0 http://id.loc.gov/authorities/names/n79049239
|
| 700 |
1 |
|
|a Shaw, Bob.
|0 http://id.loc.gov/authorities/names/no2011189402
|
| 948 |
|
|
|a cataloged
|b h
|c 2017/3/15
|d c
|e ljohnson
|f 3:59:57 pm
|
| 994 |
|
|
|a C0
|b TXA
|
| 999 |
f |
f |
|s c7e76719-3f19-3a2b-924d-6610f3dc0ce8
|i 0e299cdf-1283-334d-b77e-ed26982e9488
|t 0
|
| 952 |
f |
f |
|p noncirc
|a Texas A&M University
|b College Station
|c Cushing Memorial Library & Archives
|d Cushing: Science Fiction (Does not check out)
|t 0
|e PN3433.2 W67 1986
|h Library of Congress classification
|i unmediated -- volume
|
| 998 |
f |
f |
|a PN3433.2 W67 1986
|t 0
|l Cushing: Science Fiction (Does not check out)
|